LEADER 02077nam0 2200469 i 450 001 VAN0132809 005 20230621104235.71 017 70$2N$a9783319017396 100 $a20210326d2014 |0itac50 ba 101 $aeng 102 $aCH 105 $a|||| ||||| 200 1 $aLaser Interaction with Biological Material$eMathematical Modeling$fKirill Kulikov 205 $aCham : Springer, 2014 210 $axi$d149 p.$cill. ; 24 cm 215 410 1$1001VAN0108744$12001 $aBiological and Medical Physics, Biomedical Engineering$1210 $aBerlin [etc.]$cSpringer$d1997- 500 1$3VAN0134781$aLaser Interaction with Biological Material$91768754 606 $a92C05$xBiophysics [MSC 2020]$3VANC020842$2MF 606 $a92C55$xBiomedical imaging and signal processing [MSC 2020]$3VANC022145$2MF 606 $a78-XX$xOptics, electromagnetic theory [MSC 2020]$3VANC022356$2MF 606 $a00A79 (77-XX)$xPhysics [MSC 2020]$3VANC023182$2MF 610 $aAbsorption Spectrum$9KW:K 610 $aBiological tissue$9KW:K 610 $aBiomedical Diagnostics$9KW:K 610 $aCoefficient of Refraction$9KW:K 610 $aLaser Emission$9KW:K 610 $aLaser Radiation on Blood Cells$9KW:K 610 $aLasers on Biological Cells$9KW:K 610 $aModelling of Biological Tissue$9KW:K 610 $aTheory of Interference Effects$9KW:K 620 $aCH$dCham$3VANL001889 700 1$aKulikov$bKirill$3VANV106630$0791370 712 $aSpringer $3VANV108073$4650 801 $aIT$bSOL$c20240614$gRICA 856 4 $uhttp://doi.org/10.1007/978-3-319-01739-6$zE-book ? Accesso al full-text attraverso riconoscimento IP di Ateneo, proxy e/o Shibboleth 899 $aBIBLIOTECA DEL DIPARTIMENTO DI MATEMATICA E FISICA$1IT-CE0120$2VAN08 912 $fN 912 $aVAN0132809 950 $aBIBLIOTECA DEL DIPARTIMENTO DI MATEMATICA E FISICA$d08CONS e-book 1998 $e08eMF1998 20210326 996 $aLaser Interaction with Biological Material$91768754 997 $aUNICAMPANIA LEADER 02398nam0 22005893i 450 001 VAN0249870 005 20230531121441.988 017 70$2N$a9783030598891 100 $a20220909d2020 |0itac50 ba 101 $aeng 102 $aCH 105 $a|||| ||||| 200 1 $aStatistics for Health Data Science$eAn Organic Approach$fRuth Etzioni, Micha Mandel, Roman Gulati 210 $aCham$cSpringer$d2020 215 $axxii, 222 p.$cill.$d24 cm 410 1$1001VAN0036791$12001 $aSpringer texts in statistics$1210 $aBerlin [etc.]$cSpringer 500 1$3VAN0249871$aStatistics for Health Data Science$92909480 606 $a62-XX$xStatistics [MSC 2020]$3VANC022998$2MF 606 $a62P10$xApplications of statistics to biology and medical sciences; meta analysis [MSC 2020]$3VANC024649$2MF 606 $a62R07$xStatistical aspects of big data and data science [MSC 2020]$3VANC026514$2MF 610 $aAnalytic methods$9KW:K 610 $aBiostatistics$9KW:K 610 $aData science$9KW:K 610 $aEpidemiology$9KW:K 610 $aHealth Care Databases$9KW:K 610 $aHealth Data Analytics$9KW:K 610 $aHealth Economics$9KW:K 610 $aHealth Outcomes$9KW:K 610 $aHealth Services$9KW:K 610 $aMachine learning$9KW:K 610 $aMedical Claims Data$9KW:K 610 $aModels$9KW:K 610 $aPrediction$9KW:K 610 $aPredictive Modeling$9KW:K 610 $aPublic Health$9KW:K 610 $aRegression$9KW:K 610 $aRisk$9KW:K 610 $aStatistical analysis$9KW:K 610 $aSurveys$9KW:K 620 $aCH$dCham$3VANL001889 700 1$aEtzioni$bRuth$3VANV204283$01065697 701 1$aGulati$bRoman$3VANV204285$01254912 701 1$aMandel$bMicha$3VANV204284$01254913 712 $aSpringer $3VANV108073$4650 801 $aIT$bSOL$c20240614$gRICA 856 4 $uhttp://doi.org/10.1007/978-3-030-59889-1$zE-book ? Accesso al full-text attraverso riconoscimento IP di Ateneo, proxy e/o Shibboleth 899 $aBIBLIOTECA DEL DIPARTIMENTO DI MATEMATICA E FISICA$1IT-CE0120$2VAN08 912 $fN 912 $aVAN0249870 950 $aBIBLIOTECA DEL DIPARTIMENTO DI MATEMATICA E FISICA$d08CONS e-book 4868 $e08eMF4868 20220909 996 $aStatistics for Health Data Science$92909480 997 $aUNICAMPANIA